| 000 | 00502nam a2200193Ia 4500 | ||
|---|---|---|---|
| 005 | 20250603145715.0 | ||
| 008 | 250603s9999 xx 000 0 und d | ||
| 020 | _a9780273720652 | ||
| 050 | _aHF 5438 .25 .J63/ | ||
| 100 | _aJobber, David, 1947- | ||
| 245 | 0 | _aSelling and sales management | |
| 250 | _a8th ed. | ||
| 260 | _aHarlow, England ; New York | ||
| 260 | _bPrentice Hall/Financial Times | ||
| 260 | _c2009 | ||
| 300 | _a546 p | ||
| 650 | _aHarlow, England ; New York | ||
| 942 | _cBK | ||
| 999 |
_c42618 _d42618 |
||